00977nam a22002537a 4500003000400000005001700004008004100021020004100062040003100103050001700134100002300151245009900174250001900273260003800292300004600330336002400376337002800400338002500428504005100453650005100504650005600555650005600611650005600667OSt20250801132245.0250716b |||||||| |||| 00| 0 eng d a9783031199332 (Paperback)cUSD 85.00 aNUSTbengcNUSTdNUSTerda a QC174.7 LIS aLuca ListaeAuthor aStatistical methods for data analysis : bwith applications in particle physics /cLuca Lista. aThird edition. aSwitzerland:bSpringer,c©2023,. axxx, 334 pages :bIllustrations ;c25 cm. 2rdamediaatextbtxt 2rdamediaaunmediatedbn 2rdamediaavolumebnc aIncludes bibliographical references and index. vCOMPUTERS Artificial Intelligence General. vCOMPUTERS Database Administration and Management. vMATHEMATICS Probability and Statistics General. vComputer science, information and general works .